[Event "Bangkok Chinese New Year op"]
[Site "Bangkok"]
[Date "2020.01.25"]
[Round "6"]
[White "Loyaga, Nathaniel"]
[Black "Habla, Jony"]
[Result "0-1"]
[WhiteElo "1755"]
[BlackElo "2221"]
[PlyCount "138"]
[EventDate "2020.01.25"]
[EventType "swiss (rapid)"]
[EventRounds "9"]
[EventCountry "THA"]
[SourceTitle "CBM 194 Extra"]
[Source "ChessBase"]
[SourceDate "2020.03.31"]
[SourceVersion "1"]
[SourceVersionDate "2020.03.31"]
[SourceQuality "1"]

1. Nf3 Nf6 2. g3 g6 3. Bg2 Bg7 4. 0-0 0-0 5. d3 d6 6. e4 e5 7. h3 Nc6 8. Be3 h6 9. Nc3 Be6 10. d4 exd4 11. Nxd4 Bd7 12. Qd2 Kh7 13. f4 Re8 14. Rae1 Nxd4 15. Bxd4 Bc6 16. Qd3 Qd7 17. g4 Rad8 18. f5 g5 19. b4 a6 20. Re3 Bb5 21. Nxb5 axb5 22. Qc3 Qe7 23. Rfe1 c6 24. e5 dxe5 25. Rxe5 Qd7 26. Rxe8 Nxe8 27. Bxg7 Nxg7 28. Be4 Kg8 29. Bd3 Qd6 30. Kg2 Kf8 31. a3 Qd5+ 32. Be4 Qd2+ 33. Qxd2 Rxd2+ 34. Kf3 Ne8 35. Bd3 Nf6 36. Rh1 Nd5 37. h4 Kg7 38. hxg5 hxg5 39. Re1 Rh2 40. Kg3 Rh8 41. c4 Nf4 42. Bf1 bxc4 43. Bxc4 Rh3+ 44. Kf2 b5 45. Bf1 Rxa3 46. Re7 Ra2+ 47. Kf3 Ra1 48. Kf2 Nd5 49. Rd7 Nf6 50. Rd4 Ra2+ 51. Be2 Rb2 52. Ke3 Nd5+ 53. Kf3 Rxb4 54. Rd2 Kf6 55. Rc2 Rf4+ 56. Kg3 Nb4 57. Rc3 Ke5 58. Bf3 Kd6 59. Re3 Nd5 60. Re8 b4 61. Rf8 Ke7 62. Rc8 b3 63. Rb8 Rb4 64. Rxb4 Nxb4 65. Be4 f6 66. Kf3 Kd6 67. Ke3 Ke5 68. Bb1 c5 69. Kd2 Kd4 0-1

[Event "Bangkok Assumption op"]
[Site "Bangkok"]
[Date "2017.03.18"]
[Round "8"]
[White "Loyaga, Nathaniel"]
[Black "Sajjapornthep, Jarunpol"]
[Result "0-1"]
[WhiteElo "1876"]
[BlackElo "1902"]
[PlyCount "128"]
[EventDate "2017.03.10"]
[EventType "swiss"]
[EventRounds "9"]
[EventCountry "THA"]
[SourceTitle "EXT 2018"]
[Source "ChessBase"]
[SourceDate "2017.10.13"]
[SourceVersion "1"]
[SourceVersionDate "2017.10.13"]
[SourceQuality "1"]

1. e4 c5 2. Nc3 d6 3. g3 Nf6 4. Bg2 Nc6 5. Nge2 g6 6. d4 cxd4 7. Nxd4 Bd7 8. h3 Bg7 9. Nxc6 bxc6 10. 0-0 0-0 11. Be3 Qc8 12. Kh2 Rd8 13. Rb1 Be6 14. Qe2 d5 15. Bc5 Re8 16. Rbd1 Nxe4 17. Nxe4 dxe4 18. Qxe4 Bd5 19. Qb4 Bxg2 20. Kxg2 Rb8 21. Qc4 Rxb2 22. Rfe1 Rb7 23. a4 Rd7 24. a5 Qc7 25. Qa6 Rxd1 26. Rxd1 Bc3 27. Bxa7 Bxa5 28. Bd4 Bb4 29. Qc4 Bd6 30. Ra1 c5 31. Bc3 Be5 32. Ra3 Bxc3 33. Rxc3 Rc8 34. h4 h5 35. g4 Qc6+ 36. f3 Qf6 37. gxh5 gxh5 38. Rd3 e6 39. Rd2 Kh8 40. Kf2 Qe5 41. Qe4 Qxe4 42. fxe4 Kg7 43. Kf3 Kf6 44. Rg2 Ke5 45. Ke3 f6 46. Rg7 Ra8 47. Rh7 Ra3+ 48. Kd2 Kxe4 49. Rxh5 e5 50. Rh6 Rf3 51. h5 c4 52. Rg6 c3+ 53. Ke2 f5 54. Rc6 Kf4 55. h6 Rh3 56. h7 e4 57. Rxc3 Rh2+ 58. Kf1 Rxh7 59. Kg2 Rd7 60. Kf2 Rd2+ 61. Ke1 e3 62. Rc5 Ke4 63. c4 f4 64. Rc8 Kf3 0-1

[Event "Bangkok Assumption op"]
[Site "Bangkok"]
[Date "2017.03.11"]
[Round "2"]
[White "Loyaga, Nathaniel"]
[Black "Habla, Jony"]
[Result "0-1"]
[WhiteElo "1876"]
[BlackElo "2249"]
[PlyCount "140"]
[EventDate "2017.03.10"]
[EventType "swiss"]
[EventRounds "9"]
[EventCountry "THA"]
[SourceTitle "EXT 2018"]
[Source "ChessBase"]
[SourceDate "2017.10.13"]
[SourceVersion "1"]
[SourceVersionDate "2017.10.13"]
[SourceQuality "1"]

1. Nf3 d5 2. d4 c6 3. g3 f5 4. Bg2 Nf6 5. 0-0 e6 6. Bg5 Nbd7 7. Nbd2 h6 8. Bxf6 Qxf6 9. c4 Bd6 10. Rc1 0-0 11. Qb3 Rf7 12. cxd5 exd5 13. e3 g5 14. a4 Qe7 15. Qd3 Nf6 16. Nb3 a5 17. Rfe1 Ne4 18. Nfd2 g4 19. f4 Nf6 20. Nc5 h5 21. Qb3 Ne4 22. Ndxe4 fxe4 23. Qc2 Bf5 24. Rb1 Qd8 25. Bf1 Bf8 26. Rec1 Rh7 27. Bg2 h4 28. Kf2 Rc8 29. Qd2 b6 30. Nb3 Bb4 31. Qe2 Qd6 32. Qa6 Rb8 33. Rc2 Bc8 34. Qe2 Rg7 35. Rbc1 Bb7 36. Kg1 Rf8 37. Rd1 Qh6 38. Nd2 Be7 39. Nf1 Rg6 40. Nd2 Rf7 41. Rc3 Rh7 42. Kf2 Qg7 43. Nf1 Qf8 44. Kg1 Bb4 45. Rc2 Qe8 46. b3 Qd7 47. Qf2 Ba6 48. Nd2 Bd3 49. Ra2 Rgh6 50. Nf1 Qf5 51. Rc1 c5 52. gxh4 Rxh4 53. Qg3 Rh3 54. Bxh3 Rxh3 55. Qf2 Bxf1 56. Rxf1 cxd4 57. exd4 Bc3 58. Rd1 g3 59. Qf1 Qh5 60. Rg2 Rxh2 61. Rxg3+ Kf8 62. Rxc3 Rh1+ 63. Kf2 Rxf1+ 64. Rxf1 Qh2+ 65. Ke1 Qb2 66. Re3 Qxd4 67. Ke2 Qb2+ 68. Ke1 d4 69. Rh3 e3 70. Rfh1 Qf2+ 0-1

[Event "PHI-ch sf"]
[Site "Manila"]
[Date "2014.??.??"]
[Round "3"]
[White "Ruaya, Virgen Gil"]
[Black "Loyaga, Nathaniel"]
[Result "1-0"]
[WhiteElo "2095"]
[BlackElo "2005"]
[PlyCount "139"]
[EventDate "2014.03.??"]
[EventType "swiss"]
[EventRounds "9"]
[EventCountry "PHI"]
[SourceTitle "EXT 2016"]
[Source "ChessBase"]
[SourceDate "2015.10.08"]
[SourceVersion "1"]
[SourceVersionDate "2015.10.08"]
[SourceQuality "1"]

1. d4 e6 2. Nf3 f5 3. Nc3 Nf6 4. Bg5 d5 5. Ne5 Be7 6. e3 Nbd7 7. f4 c6 8. Bd3 Nxe5 9. fxe5 Ng4 10. Bxe7 Qxe7 11. Qf3 Qg5 12. Nd1 0-0 13. 0-0 Bd7 14. Qg3 Qe7 15. Nc3 Kh8 16. Ne2 g5 17. h3 Nh6 18. Rf2 Rg8 19. Raf1 Be8 20. Kh1 Bh5 21. Ng1 Rg7 22. c4 Bg6 23. cxd5 cxd5 24. Rc2 Nf7 25. Rfc1 h5 26. Qe1 Nd8 27. h4 gxh4 28. Nh3 Nc6 29. a3 Rag8 30. b4 Be8 31. Nf4 a6 32. Qf2 Rg3 33. Kh2 h3 34. Qxg3 Rxg3 35. Kxg3 Qg5+ 36. Kf2 h4 37. gxh3 Qg3+ 38. Ke2 Nxd4+ 39. exd4 Qxf4 40. Rc8 Kg7 41. R1c7+ Bf7 42. Rxb7 Qxd4 43. Rcc7 Qxe5+ 44. Kd2 Qb2+ 45. Ke3 Kf6 46. Rxf7+ Ke5 47. Rbe7 Qd4+ 48. Ke2 f4 49. Bf5 Qe3+ 50. Kd1 Qxa3 51. Rxe6+ Kd4 52. Ke2 Qxb4 53. Bg4 Qb2+ 54. Kf3 Qh2 55. Rxf4+ Kc5 56. Rf5 Qg3+ 57. Ke2 Kd4 58. Bf3 Qh2+ 59. Kd1 Qxh3 60. Rxd5+ Kc4 61. Rc6+ Kb4 62. Ke2 Qh2+ 63. Kd3 Qg1 64. Rd4+ Kb5 65. Rcc4 Qb1+ 66. Kd2 Qb2+ 67. Kd3 Qb1+ 68. Ke3 Qb3+ 69. Kf2 Qb2+ 70. Be2 1-0